| 000 | 00547nam a2200145Ia 4500 | ||
|---|---|---|---|
| 008 | 151213s9999 xx 000 0 und d | ||
| 100 | _aবেগম রাজিয়া হোসাইন। | ||
| 245 |
_aঅন্তরঙ্গ উচ্চারণ। _cবেগম রাজিয়া হোসাইন। |
||
| 260 |
_aঢাকা _bমম প্রকাশ। _c2003 |
||
| 300 | _a8784 p. | ||
| 650 | _aBangla | ||
| 650 | _aপ্রবন্ধ | ||
| 700 | _aবেগম রাজিয়া হোসাইন। | ||
| 999 |
_c4569 _d4569 |
||